[Event "DEM U10w 2021"]
[Site "Willingen GER"]
[Date "2021.08.23"]
[Round "1"]
[White "Wilke, Ronja"]
[Black "Rössling, Laura Marie"]
[Result "1-0"]
[Termination "normal"]
[Board "12"]
[WhiteElo "823"]
[BlackElo "1094"]
[WhiteClock "01:18:23"]
[BlackClock "00:57:52"]
[PlyCount "95"]
[WhiteFideId "16288378"]
[BlackFideId "16289471"]
[EventCountry "GER"]
[EventRounds "11"]
[EventType "swiss"]
[EventDate "2021.08.22"]

1. e4 {[%clk 01:15:59]} {[%emt 00:00:01]} e5 {[%clk 01:15:53]} {[%emt
00:00:07]} 2. Nf3 {[%clk 01:16:24]} {[%emt 00:00:04]} Nc6 {[%clk 01:16:15]} 3.
Nc3 {[%clk 01:16:40]} {[%emt 00:00:22]} Nf6 {[%clk 01:16:33]} 4. Bb5 {[%clk
01:17:03]} {[%emt 00:00:18]} Bd6 {[%clk 01:16:25]} {[%emt 00:00:39]} 5. d3
{[%clk 01:17:13]} {[%emt 00:00:20]} h6 {[%clk 01:16:36]} {[%emt 00:00:20]} 6.
O-O {[%emt 00:00:25]} O-O {[%clk 01:16:56]} {[%emt 00:00:08]} 7. b3 {[%clk
01:17:28]} {[%emt 00:00:21]} a6 {[%clk 01:17:03]} {[%emt 00:00:23]} 8. Bxc6
{[%clk 01:17:26]} {[%emt 00:00:31]} dxc6 {[%clk 01:17:10]} {[%emt 00:00:24]} 9.
d4 {[%clk 01:17:24]} {[%emt 00:00:31]} Bg4 {[%clk 01:17:10]} {[%emt 00:00:31]}
10. dxe5 {[%emt 00:00:21]} Bxe5 {[%emt 00:00:21]} 11. Qxd8 {[%clk 01:17:00]}
{[%emt 00:00:11]} Raxd8 {[%clk 01:17:24]} 12. Nxe5 {[%clk 01:17:04]} {[%emt
00:00:40]} Bh5 {[%clk 01:16:38]} {[%emt 00:01:18]} 13. Ba3 {[%clk 01:17:17]}
{[%emt 00:00:19]} Rfe8 {[%clk 01:16:56]} {[%emt 00:00:11]} 14. Nd3 {[%clk
01:17:16]} {[%emt 00:00:31]} Nxe4 {[%clk 01:17:13]} {[%emt 00:00:13]} 15. Nxe4
{[%clk 01:17:30]} {[%emt 00:00:15]} Rxe4 {[%clk 01:17:11]} {[%emt 00:00:34]}
16. Nc5 {[%clk 01:17:49]} {[%emt 00:00:10]} Re2 {[%clk 01:17:03]} {[%emt
00:00:38]} 17. Nxb7 {[%clk 01:17:53]} {[%emt 00:00:27]} Rb8 {[%clk 01:17:09]}
{[%emt 00:00:24]} 18. Nc5 {[%clk 01:17:58]} {[%emt 00:00:25]} Rxc2 {[%clk
01:17:18]} {[%emt 00:00:21]} 19. h3 {[%clk 01:18:06]} {[%emt 00:00:21]} Rd8
{[%clk 01:17:08]} {[%emt 00:00:40]} 20. Rac1 {[%clk 01:17:51]} {[%emt
00:00:44]} Rxa2 {[%clk 01:16:58]} {[%emt 00:00:42]} 21. Nb7 {[%clk 01:17:45]}
{[%emt 00:00:36]} Rb8 {[%clk 01:17:08]} {[%emt 00:00:19]} 22. Ra1 {[%clk
01:17:28]} {[%emt 00:00:46]} Rxa1 {[%clk 01:17:12]} {[%emt 00:00:27]} 23. Rxa1
{[%clk 01:17:42]} {[%emt 00:00:14]} Rxb7 {[%clk 01:17:34]} {[%emt 00:00:10]}
24. b4 {[%clk 01:17:44]} {[%emt 00:00:28]} Rb8 {[%clk 01:17:23]} {[%emt
00:00:42]} 25. Rc1 {[%clk 01:17:17]} {[%emt 00:00:56]} Re8 {[%clk 01:17:12]}
{[%emt 00:00:41]} 26. Rxc6 {[%clk 01:17:30]} {[%emt 00:00:16]} Re1+ {[%clk
01:17:06]} {[%emt 00:00:37]} 27. Kh2 {[%clk 01:17:50]} {[%emt 00:00:10]} Re6
{[%clk 01:16:41]} {[%emt 00:00:55]} 28. Rxc7 {[%emt 00:00:27]} Be2 {[%clk
01:15:55]} {[%emt 00:01:14]} 29. Rc8+ {[%clk 01:17:38]} {[%emt 00:00:47]} Kh7
{[%clk 01:16:13]} {[%emt 00:00:11]} 30. g4 {[%clk 01:16:19]} {[%emt 00:01:49]}
Re5 {[%clk 01:15:13]} {[%emt 00:01:31]} 31. Kg3 {[%emt 00:02:38]} a5 {[%clk
01:13:00]} {[%emt 00:00:40]} 32. bxa5 {[%clk 01:16:34]} {[%emt 00:00:09]} Rxa5
{[%clk 01:13:24]} {[%emt 00:00:08]} 33. Bb2 {[%clk 01:16:40]} {[%emt 00:00:22]}
Rd5 {[%clk 01:12:49]} {[%emt 00:01:05]} 34. Bc3 {[%clk 01:16:50]} {[%emt
00:00:21]} Rd3+ {[%clk 01:13:06]} {[%emt 00:00:13]} 35. Kf4 {[%clk 01:17:05]}
{[%emt 00:00:13]} Rxh3 {[%clk 01:11:24]} {[%emt 00:02:13]} 36. Rc7 {[%clk
01:17:06]} {[%emt 00:00:30]} h5 {[%clk 01:10:46]} {[%emt 00:01:08]} 37. gxh5
{[%clk 01:17:19]} {[%emt 00:00:15]} Bxh5 {[%clk 01:10:44]} {[%emt 00:00:32]}
38. Kg5 {[%clk 01:17:04]} {[%emt 00:00:46]} Bf3 {[%clk 01:09:46]} {[%emt
00:01:29]} 39. Rxf7 {[%clk 01:17:11]} {[%emt 00:00:22]} Rh5+ {[%clk 01:09:41]}
{[%emt 00:00:35]} 40. Kf4 {[%clk 01:17:18]} {[%emt 00:00:23]} Kh8 {[%clk
01:07:44]} {[%emt 00:02:28]} 41. Rxg7 {[%clk 01:17:23]} {[%emt 00:00:23]} Rh7
{[%clk 00:56:32]} {[%emt 00:11:44]} 42. Rg3+ {[%clk 01:17:39]} {[%emt
00:00:10]} Rg7 {[%clk 00:56:30]} {[%emt 00:00:35]} 43. Rxg7 {[%clk 01:17:55]}
{[%emt 00:00:13]} Be4 {[%clk 00:56:46]} {[%emt 00:00:17]} 44. Rg4+ {[%clk
01:18:06]} {[%emt 00:00:17]} Kh7 {[%clk 00:57:06]} {[%emt 00:00:11]} 45. Kxe4
{[%clk 01:18:18]} {[%emt 00:00:17]} Kh6 {[%clk 00:57:24]} {[%emt 00:00:13]} 46.
Kf5 {[%clk 01:18:19]} {[%emt 00:00:29]} Kh7 {[%clk 00:57:32]} {[%emt 00:00:21]}
47. Rg2 {[%clk 01:18:32]} {[%emt 00:00:18]} Kh6 {[%clk 00:57:52]} {[%emt
00:00:11]} 48. Rh2+ {[%clk 01:18:23]} {[%emt 00:00:07]} 1-0

[Event "DEM U10w 2021"]
[Site "Willingen GER"]
[Date "2021.08.23"]
[Round "1"]
[White "Bakó, Isabella"]
[Black "Wartenberg, Adelia"]
[Result "1-0"]
[Termination "normal"]
[Board "13"]
[WhiteElo "1173"]
[BlackElo "791"]
[WhiteClock "00:50:55"]
[BlackClock "00:46:56"]
[PlyCount "77"]
[WhiteFideId "16287266"]
[BlackFideId "34601830"]
[EventCountry "GER"]
[EventRounds "11"]
[EventType "swiss"]
[EventDate "2021.08.22"]

1. d4 {[%clk 01:15:44]} {[%emt 00:00:15]} d5 {[%clk 01:14:58]} {[%emt
00:01:02]} 2. Nf3 {[%clk 01:15:59]} {[%emt 00:00:14]} e6 {[%clk 01:14:20]}
{[%emt 00:01:09]} 3. e3 {[%clk 01:12:49]} {[%emt 00:03:40]} Nf6 {[%clk
01:11:46]} {[%emt 00:03:05]} 4. Bd3 {[%clk 01:12:35]} {[%emt 00:00:43]} Ne4
{[%clk 01:10:56]} {[%emt 00:01:21]} 5. Nbd2 {[%clk 01:12:08]} {[%emt 00:00:56]}
g5 {[%clk 01:10:44]} {[%emt 00:00:42]} 6. Nxe4 {[%clk 01:12:24]} {[%emt
00:00:13]} dxe4 {[%clk 01:10:59]} {[%emt 00:00:16]} 7. Bxe4 {[%clk 01:12:34]}
{[%emt 00:00:19]} g4 {[%clk 01:10:35]} {[%emt 00:00:54]} 8. Ne5 {[%clk
01:12:44]} {[%emt 00:00:20]} Rg8 {[%clk 01:10:17]} {[%emt 00:00:49]} 9. Bxh7
{[%clk 01:09:14]} {[%emt 00:04:00]} Rg7 {[%clk 01:09:59]} {[%emt 00:00:47]} 10.
Bd3 {[%clk 01:09:31]} {[%emt 00:00:13]} Qh4 {[%clk 01:07:25]} {[%emt 00:03:04]}
11. Qe2 {[%clk 01:06:35]} {[%emt 00:03:21]} f6 {[%clk 01:03:15]} {[%emt
00:04:45]} 12. Nc4 {[%clk 01:06:38]} {[%emt 00:00:26]} e5 {[%clk 01:01:56]}
{[%emt 00:01:52]} 13. Nd2 {[%clk 01:02:49]} {[%emt 00:04:18]} Qh6 {[%clk
01:01:14]} {[%emt 00:01:08]} 14. Ne4 {[%clk 00:59:05]} {[%emt 00:04:17]} f5
{[%clk 00:59:58]} {[%emt 00:01:48]} 15. Ng3 {[%clk 00:59:08]} {[%emt 00:00:20]}
Qh8 {[%clk 00:59:25]} {[%emt 00:01:10]} 16. Bxf5 {[%clk 00:58:36]} {[%emt
00:01:02]} Bxf5 {[%clk 00:59:30]} {[%emt 00:00:25]} 17. Nxf5 {[%clk 00:58:04]}
{[%emt 00:01:03]} Rf7 {[%clk 00:56:54]} {[%emt 00:03:04]} 18. Qb5+ {[%clk
00:55:32]} {[%emt 00:02:55]} Nc6 {[%clk 00:57:01]} {[%emt 00:00:30]} 19. Qxb7
{[%clk 00:55:32]} {[%emt 00:00:31]} Kd7 {[%clk 00:56:28]} {[%emt 00:01:02]} 20.
d5 {[%clk 00:53:54]} {[%emt 00:02:10]} Rf6 {[%clk 00:55:06]} {[%emt 00:01:51]}
21. dxc6+ {[%clk 00:54:03]} {[%emt 00:00:20]} Ke6 {[%clk 00:55:08]} {[%emt
00:00:30]} 22. Bd2 {[%clk 00:52:32]} {[%emt 00:01:59]} Rxf5 {[%clk 00:54:31]}
{[%emt 00:01:07]} 23. Qxa8 {[%clk 00:52:40]} {[%emt 00:00:21]} Qh4 {[%clk
00:54:18]} {[%emt 00:00:45]} 24. g3 {[%clk 00:52:20]} {[%emt 00:00:48]} Qh3
{[%clk 00:54:40]} {[%emt 00:00:10]} 25. Qc8+ {[%clk 00:51:15]} {[%emt
00:01:33]} Kf6 {[%clk 00:54:38]} {[%emt 00:00:32]} 26. Qxf8+ {[%clk 00:51:20]}
{[%emt 00:00:26]} Kg6 {[%clk 00:54:00]} {[%emt 00:01:05]} 27. Qe8+ {[%clk
00:49:45]} {[%emt 00:02:06]} Rf7 {[%clk 00:54:05]} {[%emt 00:00:26]} 28. Qe6+
{[%clk 00:49:50]} {[%emt 00:00:24]} Kg7 {[%clk 00:53:49]} {[%emt 00:00:48]} 29.
Qxe5+ {[%clk 00:50:04]} {[%emt 00:00:14]} Kf8 {[%clk 00:53:23]} {[%emt
00:00:57]} 30. Bb4+ {[%clk 00:49:55]} {[%emt 00:00:41]} Kg8 {[%clk 00:53:21]}
{[%emt 00:00:31]} 31. Qe8+ {[%clk 00:49:51]} {[%emt 00:00:30]} Kg7 {[%clk
00:53:38]} {[%emt 00:00:15]} 32. Bc3+ {[%clk 00:50:01]} {[%emt 00:00:21]} Kg6
{[%clk 00:53:25]} {[%emt 00:00:41]} 33. Qe6+ {[%clk 00:50:20]} {[%emt
00:00:12]} Kg5 {[%clk 00:52:04]} {[%emt 00:01:51]} 34. Qxf7 {[%clk 00:50:39]}
{[%emt 00:00:11]} Qg2 {[%emt 00:00:24]} 35. O-O-O {[%emt 00:05:08]} Qxc6 {[%clk
00:47:00]} {[%emt 00:00:01]} 36. h4+ {[%clk 00:50:25]} {[%emt 00:00:46]} Kh6
{[%clk 00:47:03]} {[%emt 00:00:25]} 37. Bg7+ {[%clk 00:50:18]} {[%emt
00:00:39]} Kh7 {[%clk 00:47:07]} {[%emt 00:00:27]} 38. Bf6+ {[%clk 00:50:38]}
{[%emt 00:00:09]} Kh6 {[%clk 00:46:56]} {[%emt 00:00:40]} 39. Bg5# {[%clk
00:50:55]} {[%emt 00:00:13]} 1-0

[Event "DEM U10w 2021"]
[Site "Willingen GER"]
[Date "2021.08.23"]
[Round "1"]
[White "Kovalskyy, Alicia"]
[Black "Borck, Elena"]
[Result "1-0"]
[Termination "normal"]
[Board "15"]
[WhiteElo "1078"]
[BlackElo "775"]
[WhiteClock "01:18:02"]
[BlackClock "01:05:51"]
[PlyCount "39"]
[WhiteFideId "34612130"]
[BlackFideId "16275446"]
[EventCountry "GER"]
[EventRounds "11"]
[EventType "swiss"]
[EventDate "2021.08.22"]

1. e4 {[%clk 01:15:59]} {[%emt 00:00:01]} e5 {[%clk 01:15:54]} {[%emt
00:00:07]} 2. Nf3 {[%clk 01:16:25]} {[%emt 00:00:04]} Nc6 {[%clk 01:16:17]}
{[%emt 00:00:07]} 3. Bc4 {[%clk 01:16:53]} {[%emt 00:00:02]} Nf6 {[%clk
01:16:28]} {[%emt 00:00:18]} 4. Ng5 {[%clk 01:17:15]} {[%emt 00:00:07]} Qe7
{[%clk 01:15:52]} {[%emt 00:01:06]} 5. Bxf7+ {[%clk 01:17:36]} {[%emt
00:00:08]} Kd8 {[%clk 01:14:47]} {[%emt 00:01:35]} 6. Bc4 {[%clk 01:17:49]}
{[%emt 00:00:19]} Ng4 {[%clk 01:14:09]} {[%emt 00:01:07]} 7. Qxg4 {[%clk
01:18:07]} {[%emt 00:00:12]} d6 {[%clk 01:14:22]} {[%emt 00:00:18]} 8. Qg3
{[%clk 01:18:23]} {[%emt 00:00:12]} h6 {[%clk 01:14:36]} {[%emt 00:00:18]} 9.
Nf7+ {[%clk 01:18:37]} {[%emt 00:00:16]} Ke8 {[%clk 01:13:39]} {[%emt
00:01:26]} 10. Nxh8 {[%clk 01:18:32]} {[%emt 00:00:35]} Kd8 {[%clk 01:12:07]}
{[%emt 00:02:03]} 11. Ng6 {[%clk 01:18:21]} {[%emt 00:00:40]} Qf6 {[%clk
01:11:53]} {[%emt 00:00:44]} 12. Nc3 {[%clk 01:18:04]} {[%emt 00:00:48]} Ne7
{[%clk 01:10:37]} {[%emt 00:01:45]} 13. Nxf8 {[%clk 01:17:27]} {[%emt
00:01:08]} a6 {[%clk 01:08:13]} {[%emt 00:02:55]} 14. Nh7 {[%clk 01:17:25]}
{[%emt 00:00:31]} Qf4 {[%clk 01:07:32]} {[%emt 00:01:11]} 15. Qxg7 {[%clk
01:17:12]} {[%emt 00:00:41]} Nc6 {[%clk 01:06:52]} {[%emt 00:01:07]} 16. d4
{[%clk 01:17:28]} {[%emt 00:00:19]} Qh4 {[%clk 01:06:43]} {[%emt 00:00:38]} 17.
Bxh6 {[%clk 01:17:37]} {[%emt 00:00:20]} b5 {[%clk 01:05:57]} {[%emt 00:01:16]}
18. Bg5+ {[%clk 01:17:57]} {[%emt 00:00:12]} Ke8 {[%clk 01:05:46]} {[%emt
00:00:41]} 19. Qg8+ {[%clk 01:18:05]} {[%emt 00:00:21]} Kd7 {[%clk 01:05:51]}
{[%emt 00:00:24]} 20. Be6# {[%clk 01:18:02]} {[%emt 00:00:03]} 1-0

[Event "DEM U10w 2021"]
[Site "Willingen GER"]
[Date "2021.08.23"]
[Round "1"]
[White "Marrufo, Leandra"]
[Black "Mader, Theresa"]
[Result "0-1"]
[Termination "normal"]
[Board "16"]
[WhiteElo "755"]
[BlackElo "1078"]
[WhiteClock "01:06:47"]
[BlackClock "01:05:06"]
[PlyCount "26"]
[WhiteFideId "34630260"]
[BlackFideId "34605657"]
[EventCountry "GER"]
[EventRounds "11"]
[EventType "swiss"]
[EventDate "2021.08.22"]

1. e4 {[%clk 01:15:54]} {[%emt 00:00:03]} c6 {[%clk 01:15:56]} {[%emt
00:00:06]} 2. Nf3 {[%clk 01:15:55]} {[%emt 00:00:26]} d5 {[%clk 01:16:18]}
{[%emt 00:00:10]} 3. d3 {[%clk 01:15:08]} {[%emt 00:01:18]} e6 {[%clk
01:15:32]} {[%emt 00:01:15]} 4. Nc3 {[%clk 01:14:20]} {[%emt 00:01:16]} c5
{[%clk 01:15:06]} {[%emt 00:00:59]} 5. d4 {[%clk 01:14:20]} {[%emt 00:00:30]}
Nc6 {[%clk 01:14:34]} {[%emt 00:01:01]} 6. Bd3 {[%clk 01:13:17]} {[%emt
00:01:33]} Bd7 {[%clk 01:13:09]} {[%emt 00:01:55]} 7. O-O {[%clk 01:13:20]}
{[%emt 00:00:19]} cxd4 {[%clk 01:12:03]} {[%emt 00:01:43]} 8. exd5 {[%clk
01:13:08]} {[%emt 00:00:42]} dxc3 {[%clk 01:09:46]} {[%emt 00:02:48]} 9. Re1
{[%clk 01:12:48]} {[%emt 00:00:39]} Nf6 {[%clk 01:08:59]} {[%emt 00:01:28]} 10.
dxc6 {[%clk 01:12:28]} {[%emt 00:00:50]} Bxc6 {[%clk 01:08:25]} {[%emt
00:01:04]} 11. bxc3 {[%clk 01:12:27]} {[%emt 00:00:31]} Bc5 {[%clk 01:07:21]}
{[%emt 00:01:34]} 12. Ng5 {[%clk 01:07:09]} {[%emt 00:05:47]} Qd5 {[%clk
01:05:01]} {[%emt 00:02:51]} 13. Be2 {[%clk 01:06:47]} {[%emt 00:00:49]} Qxg2#
{[%clk 01:05:06]} {[%emt 00:00:27]} 0-1

[Event "DEM U10w 2021"]
[Site "Willingen GER"]
[Date "2021.08.23"]
[Round "1"]
[White "Peglau, Lorena"]
[Black "Funke, Luise"]
[Result "1-0"]
[Termination "normal"]
[Board "17"]
[WhiteElo "1005"]
[BlackElo "737"]
[WhiteClock "00:54:34"]
[BlackClock "01:10:04"]
[PlyCount "101"]
[WhiteFideId "16290542"]
[BlackFideId "34623752"]
[EventCountry "GER"]
[EventRounds "11"]
[EventType "swiss"]
[EventDate "2021.08.22"]

1. d4 {[%clk 01:15:52]} {[%emt 00:00:08]} d5 {[%clk 01:15:59]} {[%emt
00:00:01]} 2. Nf3 {[%clk 01:16:08]} {[%emt 00:00:15]} Nf6 {[%clk 01:16:21]}
{[%emt 00:00:07]} 3. Bf4 {[%clk 01:16:29]} {[%emt 00:00:07]} Bf5 {[%clk
01:16:44]} {[%emt 00:00:09]} 4. e3 {[%clk 01:16:41]} {[%emt 00:00:18]} e6
{[%clk 01:17:06]} {[%emt 00:00:08]} 5. c4 {[%clk 01:17:04]} {[%emt 00:00:07]}
Bb4+ {[%clk 01:16:59]} {[%emt 00:00:36]} 6. Nbd2 {[%clk 01:17:19]} {[%emt
00:00:15]} dxc4 {[%clk 01:17:07]} {[%emt 00:00:22]} 7. Bxc4 {[%clk 01:17:33]}
{[%emt 00:00:16]} O-O {[%clk 01:17:14]} {[%emt 00:00:23]} 8. O-O {[%clk
01:17:48]} {[%emt 00:00:15]} c5 {[%clk 01:17:16]} {[%emt 00:00:29]} 9. Nb3
{[%clk 01:17:38]} {[%emt 00:00:40]} Nc6 {[%clk 01:16:31]} {[%emt 00:01:15]} 10.
dxc5 {[%clk 01:17:24]} {[%emt 00:00:44]} Qc8 {[%clk 01:15:18]} {[%emt
00:01:43]} 11. a3 {[%clk 01:16:45]} {[%emt 00:01:09]} Ba5 {[%clk 01:15:31]}
{[%emt 00:00:16]} 12. Nxa5 {[%clk 01:16:44]} {[%emt 00:00:32]} Nxa5 {[%clk
01:15:48]} {[%emt 00:00:14]} 13. Qe2 {[%clk 01:15:26]} {[%emt 00:01:44]} Qxc5
{[%clk 01:15:27]} {[%emt 00:00:53]} 14. Ba2 {[%clk 01:14:50]} {[%emt 00:01:06]}
Rfd8 {[%clk 01:14:58]} {[%emt 00:00:59]} 15. Rfd1 {[%clk 01:13:46]} {[%emt
00:01:34]} Bc2 {[%clk 01:12:42]} {[%emt 00:02:47]} 16. Rdc1 {[%clk 01:13:14]}
{[%emt 00:01:00]} Rdc8 {[%clk 01:11:54]} {[%emt 00:01:19]} 17. b4 {[%clk
01:10:48]} {[%emt 00:02:57]} Qf5 {[%clk 01:11:33]} {[%emt 00:00:49]} 18. bxa5
{[%clk 01:10:10]} {[%emt 00:01:09]} Bd3 {[%clk 01:11:20]} {[%emt 00:00:43]} 19.
Qd2 {[%clk 01:09:15]} {[%emt 00:01:25]} Ba6 {[%clk 01:10:52]} {[%emt 00:00:58]}
20. Rxc8+ {[%clk 01:05:03]} {[%emt 00:04:42]} Rxc8 {[%clk 01:11:03]} {[%emt
00:00:19]} 21. Rc1 {[%clk 01:05:02]} {[%emt 00:00:30]} Re8 {[%clk 01:10:45]}
{[%emt 00:00:49]} 22. Rc7 {[%clk 01:04:36]} {[%emt 00:00:57]} h6 {[%clk
01:08:39]} {[%emt 00:02:36]} 23. Ne5 {[%clk 01:02:47]} {[%emt 00:02:18]} Rf8
{[%clk 01:08:36]} {[%emt 00:00:34]} 24. Nd7 {[%clk 01:02:01]} {[%emt 00:01:16]}
Ne8 {[%clk 01:08:39]} {[%emt 00:00:26]} 25. Nxf8 {[%clk 01:01:57]} {[%emt
00:00:34]} Kxf8 {[%clk 01:08:45]} {[%emt 00:00:24]} 26. g3 {[%clk 01:01:28]}
{[%emt 00:00:59]} Nxc7 {[%clk 01:08:53]} {[%emt 00:00:21]} 27. Qd8+ {[%clk
01:00:27]} {[%emt 00:01:32]} Ne8 {[%clk 01:08:54]} {[%emt 00:00:30]} 28. Bd6+
{[%clk 01:00:33]} {[%emt 00:00:24]} Kg8 {[%clk 01:09:02]} {[%emt 00:00:22]} 29.
Qxe8+ {[%clk 01:00:49]} {[%emt 00:00:15]} Kh7 {[%clk 01:09:09]} {[%emt
00:00:22]} 30. Qc8 {[%clk 00:58:54]} {[%emt 00:02:25]} Qd3 {[%clk 01:08:18]}
{[%emt 00:01:20]} 31. Qc1 {[%clk 00:58:43]} {[%emt 00:00:35]} Qxd6 {[%clk
01:08:31]} {[%emt 00:00:23]} 32. h4 {[%clk 00:57:28]} {[%emt 00:01:46]} b6
{[%clk 01:08:13]} {[%emt 00:00:47]} 33. axb6 {[%clk 00:57:02]} {[%emt
00:00:57]} axb6 {[%clk 01:08:22]} {[%emt 00:00:20]} 34. Bc4 {[%clk 00:56:56]}
{[%emt 00:00:37]} Qc6 {[%clk 01:08:26]} {[%emt 00:00:25]} 35. Bd3+ {[%clk
00:56:54]} {[%emt 00:00:32]} Kh8 {[%emt 00:00:20]} 36. Qxc6 {[%clk 00:57:13]}
{[%emt 00:00:10]} Bxd3 {[%clk 01:08:53]} {[%emt 00:00:15]} 37. Qxb6 {[%clk
00:57:13]} {[%emt 00:00:30]} g5 {[%clk 01:07:42]} {[%emt 00:01:41]} 38. hxg5
{[%clk 00:54:13]} {[%emt 00:03:29]} hxg5 {[%clk 01:07:36]} {[%emt 00:00:36]}
39. Qd8+ {[%clk 00:53:00]} {[%emt 00:01:42]} Kg7 {[%clk 01:07:56]} {[%emt
00:00:11]} 40. Qxd3 {[%clk 00:53:18]} {[%emt 00:00:14]} Kg8 {[%clk 01:07:43]}
{[%emt 00:00:40]} 41. Qd8+ {[%clk 00:53:31]} {[%emt 00:00:17]} Kh7 {[%clk
01:08:00]} {[%emt 00:00:14]} 42. Qxg5 {[%clk 00:53:52]} {[%emt 00:00:08]} Kh8
{[%clk 01:08:17]} {[%emt 00:00:14]} 43. a4 {[%clk 00:53:58]} {[%emt 00:00:24]}
Kh7 {[%clk 01:08:26]} {[%emt 00:00:20]} 44. a5 {[%clk 00:54:21]} {[%emt
00:00:08]} f6 {[%clk 01:08:40]} {[%emt 00:00:15]} 45. Qxf6 {[%clk 00:54:27]}
{[%emt 00:00:24]} Kg8 {[%clk 01:09:00]} {[%emt 00:00:09]} 46. Qxe6+ {[%clk
00:54:49]} {[%emt 00:00:09]} Kh7 {[%clk 01:09:20]} {[%emt 00:00:09]} 47. a6
{[%clk 00:55:07]} {[%emt 00:00:14]} Kg7 {[%clk 01:09:40]} {[%emt 00:00:09]} 48.
a7 {[%clk 00:55:27]} {[%emt 00:00:10]} Kf8 {[%clk 01:10:01]} {[%emt 00:00:08]}
49. a8=R+ {[%clk 00:55:16]} {[%emt 00:00:11]} Kg7 {[%emt 00:00:07]} 50. Ra7+
{[%emt 00:00:13]} Kh8 {[%clk 01:10:04]} {[%emt 00:00:13]} 51. Qe8# {[%clk
00:54:34]} {[%emt 00:01:10]} 1-0

[Event "DEM U10w 2021"]
[Site "Willingen GER"]
[Date "2021.08.23"]
[Round "1"]
[White "Amrhein, Yana"]
[Black "Leistritz, Romina"]
[Result "1-0"]
[Termination "normal"]
[Board "18"]
[WhiteElo "735"]
[BlackElo "1047"]
[WhiteClock "01:15:30"]
[BlackClock "00:04:00"]
[PlyCount "67"]
[WhiteFideId "34638253"]
[EventCountry "GER"]
[EventRounds "11"]
[EventType "swiss"]
[EventDate "2021.08.22"]

1. Nf3 {[%clk 01:15:57]} {[%emt 00:00:02]} d5 {[%clk 01:15:24]} {[%emt
00:00:07]} 2. d3 {[%clk 01:15:57]} {[%emt 00:00:08]} Nc6 {[%clk 01:15:24]} 3.
g3 {[%clk 01:16:06]} {[%emt 00:00:44]} e5 {[%clk 01:16:00]} {[%emt 00:00:11]}
4. Bg2 {[%clk 01:16:28]} {[%emt 00:00:09]} Nf6 {[%clk 01:16:22]} {[%emt
00:00:08]} 5. O-O {[%clk 01:16:47]} {[%emt 00:00:10]} Be7 {[%clk 01:16:35]}
{[%emt 00:00:17]} 6. Nbd2 {[%clk 01:16:53]} {[%emt 00:00:25]} O-O {[%clk
01:16:19]} {[%emt 00:00:47]} 7. b3 {[%clk 01:17:09]} {[%emt 00:00:12]} Be6
{[%clk 01:15:14]} {[%emt 00:01:36]} 8. c4 {[%clk 01:17:04]} {[%emt 00:00:35]}
Qd7 {[%clk 01:13:30]} {[%emt 00:02:14]} 9. Bb2 {[%clk 01:16:07]} {[%emt
00:01:27]} Bd6 {[%clk 01:13:34]} {[%emt 00:00:26]} 10. Ng5 {[%clk 01:13:32]}
{[%emt 00:03:05]} Bf5 {[%clk 01:08:38]} {[%emt 00:05:27]} 11. cxd5 {[%clk
01:13:42]} {[%emt 00:00:19]} Nd8 {[%clk 01:01:08]} {[%emt 00:08:01]} 12. Nc4
{[%clk 01:09:55]} {[%emt 00:04:15]} Re8 {[%clk 00:59:22]} {[%emt 00:02:19]} 13.
Nxd6 {[%clk 01:09:53]} {[%emt 00:00:32]} cxd6 {[%clk 00:58:17]} {[%emt
00:01:29]} 14. e4 {[%clk 01:09:52]} {[%emt 00:00:39]} Bg4 {[%clk 00:50:40]}
{[%emt 00:08:05]} 15. Qc2 {[%clk 01:09:18]} {[%emt 00:01:00]} h6 {[%clk
00:49:49]} {[%emt 00:01:24]} 16. Nf3 {[%clk 01:09:10]} {[%emt 00:00:19]} Bh3
{[%clk 00:47:53]} {[%emt 00:02:45]} 17. Rac1 {[%clk 01:09:10]} {[%emt
00:00:28]} Bxg2 {[%emt 00:05:07]} 18. Kxg2 {[%emt 00:05:00]} Qg4 {[%clk
00:40:28]} {[%emt 00:01:38]} 19. Qc7 {[%clk 01:06:20]} {[%emt 00:00:31]} Nh5
{[%clk 00:32:32]} {[%emt 00:08:27]} 20. Qxd6 {[%clk 01:06:00]} {[%emt
00:00:50]} Nf4+ {[%clk 00:31:20]} {[%emt 00:01:43]} 21. Kg1 {[%clk 01:05:22]}
{[%emt 00:01:05]} Qxf3 {[%clk 00:30:46]} {[%emt 00:01:06]} 22. gxf4 {[%clk
01:05:45]} {[%emt 00:00:08]} Qxf4 {[%emt 00:01:32]} 23. Qc5 {[%emt 00:01:52]}
b6 {[%clk 00:25:57]} {[%emt 00:01:56]} 24. Qc3 {[%clk 01:05:58]} {[%emt
00:00:11]} Nb7 {[%clk 00:25:42]} {[%emt 00:00:51]} 25. d4 {[%clk 01:06:07]}
{[%emt 00:00:19]} Nd6 {[%clk 00:23:17]} {[%emt 00:02:56]} 26. dxe5 {[%clk
01:06:05]} {[%emt 00:00:32]} Nxe4 {[%clk 00:23:29]} {[%emt 00:00:18]} 27. Qd4
{[%clk 01:06:05]} {[%emt 00:00:28]} f6 {[%clk 00:21:29]} {[%emt 00:02:30]} 28.
exf6 {[%clk 01:06:02]} {[%emt 00:00:34]} gxf6 {[%clk 00:21:02]} {[%emt
00:00:57]} 29. Rc6 {[%clk 01:05:32]} {[%emt 00:00:59]} Ng5 {[%clk 00:19:16]}
{[%emt 00:02:18]} 30. Rxf6 {[%clk 01:05:36]} {[%emt 00:00:22]} Nf3+ {[%clk
00:17:19]} {[%emt 00:02:31]} 31. Kg2 {[%clk 01:05:06]} {[%emt 00:00:59]} Nh4+
{[%clk 00:15:19]} {[%emt 00:02:29]} 32. Kh3 {[%clk 01:05:08]} {[%emt 00:00:29]}
Qg5 {[%emt 00:07:25]} 33. Rf4 {[%clk 01:00:56]} {[%emt 00:00:02]} Re7 {[%clk
00:04:00]} {[%emt 00:09:33]} 34. Qh8# {[%clk 01:15:30]} {[%emt 00:00:14]} 1-0